Distances - Statistics

General Stats
  • This quiz has been taken 19 times
  • The average score is 9 of 15
Answer Stats
Question Answer % Correct
Bangkok & New Delhi 3,000 km
87%
Sun & Earth 150 million km
73%
Stonehenge & the Acropolis of Athens 2,500 km
73%
the Milky Way & the Andromeda Galaxy (or our galaxy & the closest major galaxy) 2.5 million light years
73%
Equator & North Pole 10,000 km
67%
Mariana trench & Reykjavík 10,000 km
67%
Russia & USA (excluding island territories - closest possible distance) 80 km
67%
Earth & Moon 380,000 km
60%
Paris & Berlin 880 km
60%
two bonded Atoms 100 pico meters
53%
Niagara falls & Ayers Rock 16,000 km
53%
where the pope lives & where Ceasar was stabbed 1 km
53%
New York & Los Angeles 4,000 km
53%
the highest & the 2nd highest mountain 1,300 km
47%
the place where the first car was built & the place where the telegraph was invented) 6,000 km
33%
No matching quizzes found
Score Distribution
Percent of People with Each Score
Percentile by Number Answered
Your Score History
You have not taken this quiz